000 01533nam a22002177a 4500
999 _c61556
_d61556
003 Ge_BSU
005 20240325121545.0
008 240325s2019 ge ||||| |||| 00| 0 geo d
041 _ageo
080 _a061.231:51(479.22)(063) ს-32
245 _aსაქართველოს მათემატიკოსთა კავშირის საერთაშორისო X : კონფერენცია = X : Annual International Conference of the Georgian Mathematical Union
_b(2019 : ბათუმი 2-6 სექტემბერი ) /
_cრედ: გურამ გოგიშვილი, მაია ჯაფოშვილი
264 _aბათუმი,
_c2019
300 _a193 გვ.:
_b29 სმ.
500 _aსპონსორი: საქრთველოს უნივერსიტეტი
653 _aსაქართველოს მათემატიკოსთა კავშირის კონფერენცია
653 _aმათემატიკა
700 _aგოგიშვილი, გურამ
_eრედაქტორი
_95601
700 _aჯაფოშვილი, მაია
_eრედაქტორი
_921562
711 _aსაქ. მათემატიკოსთა კავშირი, საქართველოს უნივერსიტეტი, ბათუმის შოთა რუსთაველის სახელმწ. უნ-ტი.
_921564
942 _2udc
_cBK